| 000 | 00531nam a22001817a 4500 | ||
|---|---|---|---|
| 005 | 20251108164227.0 | ||
| 008 | 250721s1988 xx 000 0 ara d | ||
| 082 | 1 | 4 | _a916.2/جما |
| 100 | 1 | _aالغيطاني، جمال | |
| 245 | 1 | 0 | _aالزيني بركات / |
| 264 | 1 |
_aالقاهرة : _bمؤسسة أخبار اليوم، _c1988. |
|
| 300 | _a205 ص | ||
| 490 | 0 | _aسلسلة كتاب اليوم ؛ 277 | |
| 650 | 1 | 7 | _aالرحلات الجغرافية |
| 650 | 1 | 7 | _aالقاهرة |
| 942 |
_2ddc _cBK |
||
| 999 |
_c6895 _d6895 |
||